[Event "NED-ch U20 Girls"]
[Site "Haarlem"]
[Date "2012.05.05"]
[Round "8"]
[White "Thoma, Sophia"]
[Black "Nicolai, Celine"]
[Result "0-1"]
[WhiteElo "1917"]
[BlackElo "1765"]
[PlyCount "66"]
[EventDate "2012.04.28"]
[EventType "tourn"]
[EventRounds "9"]
[EventCountry "NED"]
[SourceTitle "EXT 2013"]
[Source "ChessBase"]
[SourceDate "2012.11.22"]
[SourceVersion "1"]
[SourceVersionDate "2012.11.22"]
[SourceQuality "1"]

1. e4 d5 2. exd5 Qxd5 3. Nc3 Qa5 4. d4 c6 5. Nf3 Nf6 6. Bc4 Bf5 7. 0-0 e6 8. Re1 Be7 9. Ne5 Nbd7 10. Bg5 Qc7 11. Bb3 Nxe5 12. dxe5 Rd8 13. Qe2 Nd7 14. Bxe7 Kxe7 15. Qe3 h6 16. Rad1 Qb6 17. Qg3 Bg6 18. Qh4+ Ke8 19. Rd6 Qc5 20. Na4 Qa5 21. c3 b5 22. Bxe6 Qxa4 23. Bg4 Bf5 24. e6 Nf6 25. exf7+ Kxf7 26. Bh5+ Bg6 27. Bxg6+ Kxg6 28. Qg3+ Kf7 29. Rxc6 Rhe8 30. Rc7+ Rd7 31. Rxd7+ Nxd7 32. Qf3+ Nf6 33. Rd1 Qe4 0-1

[Event "EU-ch U16 Girls"]
[Site "Albena"]
[Date "2011.09.14"]
[Round "4"]
[White "Thoma, Sophia"]
[Black "Ibrahimova, Sabina Oqtay"]
[Result "0-1"]
[WhiteElo "1922"]
[BlackElo "2108"]
[PlyCount "100"]
[EventDate "2011.09.11"]
[EventType "swiss"]
[EventRounds "9"]
[EventCountry "BUL"]
[SourceTitle "CBM 144 Extra"]
[Source "ChessBase"]
[SourceDate "2011.10.28"]
[SourceVersion "1"]
[SourceVersionDate "2011.10.28"]
[SourceQuality "1"]

1. e4 c5 2. Nf3 Nc6 3. d4 cxd4 4. Nxd4 g6 5. c4 Nf6 6. Nc3 d6 7. Be2 Nxd4 8. Qxd4 Bg7 9. Bg5 0-0 10. Qd2 a5 11. 0-0 a4 12. Rad1 Be6 13. Bd3 Nd7 14. Nd5 Re8 15. f4 Bxd5 16. exd5 Qb6+ 17. Kh1 Qxb2 18. Qxb2 Bxb2 19. Rb1 a3 20. Rfe1 Nc5 21. Bc2 Kf8 22. Re3 Bd4 23. Re2 f6 24. Bh4 Ra6 25. Rd1 Bb2 26. Bf2 Nd7 27. Rd3 b6 28. Rh3 Kg7 29. Rhe3 Kf7 30. Rh3 Nf8 31. Bd3 Ra7 32. Bxb6 Rb7 33. Bg1 Bc1 34. Rf3 Reb8 35. Rf1 Bb2 36. Bc2 Bc3 37. Rf3 Bb4 38. h4 Ra8 39. Rb3 Rab8 40. Bd4 Nd7 41. h5 Bc5 42. Bc3 Nb6 43. Bd3 Na4 44. Rxb7 Rxb7 45. Ba1 Rb4 46. hxg6+ hxg6 47. Re1 Nb6 48. Bc3 Ra4 49. g4 Nxc4 50. Bc2 Ra8 0-1

[Event "NED-ch U17 Girls"]
[Site "Haarlem"]
[Date "2011.05.02"]
[Round "3"]
[White "Thoma, Sophia"]
[Black "Lacourt, Frederique"]
[Result "1-0"]
[WhiteElo "1916"]
[BlackElo "1452"]
[PlyCount "105"]
[EventDate "2011.04.30"]
[EventType "swiss"]
[EventRounds "9"]
[EventCountry "NED"]
[SourceTitle "EXT 2012"]
[Source "ChessBase"]
[SourceDate "2011.11.24"]
[SourceVersion "1"]
[SourceVersionDate "2011.11.24"]
[SourceQuality "1"]

1. e4 e5 2. Nf3 Nc6 3. Bb5 a6 4. Ba4 b5 5. Bb3 Bc5 6. c3 Nf6 7. d3 h6 8. 0-0 0-0 9. Nbd2 Bb7 10. h3 d6 11. Re1 Ne7 12. Nf1 Ng6 13. Ng3 Re8 14. Nf5 Ne7 15. N3h4 Bc8 16. Qf3 Nxf5 17. Nxf5 Bxf5 18. Qxf5 Qd7 19. Qf3 Qe7 20. Bd2 a5 21. a4 b4 22. cxb4 Bxb4 23. Bxb4 axb4 24. a5 Ra7 25. Ba4 Rb8 26. Bc6 Nd7 27. Qe3 Ra6 28. Bd5 c6 29. Bc4 Raa8 30. d4 Rb7 31. f4 Rba7 32. a6 exd4 33. Qxd4 Nb8 34. Qd3 Qc7 35. Kh2 Qd8 36. Red1 Rd7 37. Qd4 c5 38. Qd5 Raa7 39. Bb5 Re7 40. Qxd6 Qxd6 41. Rxd6 Ra8 42. Rd8+ Kh7 43. a7 Rexa7 44. Rxa7 Rxa7 45. Rxb8 Ra2 46. b3 Rb2 47. Bc4 Kg6 48. Rb7 f6 49. Bf7+ Kh7 50. f5 h5 51. h4 Re2 52. Bg6+ Kh6 53. Rb8 1-0

[Event "NED-ch U17 Girls"]
[Site "Haarlem"]
[Date "2011.05.01"]
[Round "2"]
[White "Ratsma, Rosa"]
[Black "Thoma, Sophia"]
[Result "0-1"]
[WhiteElo "1726"]
[BlackElo "1916"]
[PlyCount "74"]
[EventDate "2011.04.30"]
[EventType "swiss"]
[EventRounds "9"]
[EventCountry "NED"]
[SourceTitle "EXT 2012"]
[Source "ChessBase"]
[SourceDate "2011.11.24"]
[SourceVersion "1"]
[SourceVersionDate "2011.11.24"]
[SourceQuality "1"]

1. e4 c5 2. Nf3 d6 3. d4 cxd4 4. Nxd4 Nf6 5. Nc3 a6 6. Bg5 e6 7. f4 Nc6 8. Nb3 Be7 9. Qf3 Qc7 10. 0-0-0 0-0 11. Qg3 b5 12. Bh6 Ne8 13. Bd3 Bf6 14. Rhf1 Kh8 15. Bg5 Bxc3 16. bxc3 f6 17. Bh4 Na5 18. Be2 Nc4 19. Rd3 a5 20. Qe1 Bb7 21. Bf3 d5 22. Bg3 Qe7 23. Kd1 Nb2+ 24. Kd2 Nxd3 25. cxd3 Qa3 26. Qa1 dxe4 27. Bxe4 Bxe4 28. dxe4 Nd6 29. Re1 b4 30. Bf2 bxc3+ 31. Kc2 Rfc8 32. e5 fxe5 33. fxe5 Nc4 34. Nd4 Rab8 35. Rb1 Rb2+ 36. Rxb2 cxb2 37. Qb1 Nxe5+ 0-1

[Event "Spijkenisse op"]
[Site "Spijkenisse"]
[Date "2010.05.16"]
[Round "6"]
[White "Reinderman, Dimitri"]
[Black "Thoma, Sophia"]
[Result "1-0"]
[WhiteElo "2577"]
[BlackElo "1935"]
[PlyCount "51"]
[EventDate "2010.05.14"]
[EventType "swiss"]
[EventRounds "6"]
[EventCountry "NED"]
[SourceTitle "CBM 136 Extra"]
[Source "ChessBase"]
[SourceDate "2010.07.02"]
[SourceVersion "2"]
[SourceVersionDate "2010.07.15"]
[SourceQuality "1"]

1. f4 d5 2. b3 Nf6 3. Bb2 g6 4. Nf3 Bg7 5. e3 0-0 6. Be2 c5 7. 0-0 Nc6 8. Ne5 Nxe5 9. Bxe5 Nd7 10. Bxg7 Kxg7 11. c4 e6 12. Nc3 Nf6 13. d4 dxc4 14. dxc5 cxb3 15. axb3 Bd7 16. b4 a6 17. Bf3 Qc7 18. Qd4 Bc6 19. Bxc6 bxc6 20. Ne4 Qe7 21. Qe5 Rfd8 22. Rfd1 Rxd1+ 23. Rxd1 Rd8 24. Rd6 Rb8 25. Rd4 Rd8 26. Nxf6 1-0

[Event "NED-ch U15 Girls"]
[Site "Venlo"]
[Date "2009.04.27"]
[Round "4"]
[White "Thoma, Sophia"]
[Black "Ratsma, Rosa"]
[Result "1/2-1/2"]
[WhiteElo "1894"]
[BlackElo "1469"]
[PlyCount "42"]
[EventDate "2009.04.24"]
[EventType "swiss"]
[EventRounds "9"]
[EventCountry "NED"]
[SourceTitle "EXT 2013"]
[Source "ChessBase"]
[SourceDate "2012.11.22"]
[SourceVersion "1"]
[SourceVersionDate "2012.11.22"]
[SourceQuality "1"]

1. e4 c5 2. c3 d5 3. exd5 Qxd5 4. d4 e6 5. Nf3 Nf6 6. Bd3 Be7 7. 0-0 0-0 8. Bc2 Bd8 9. Be3 Nc6 10. Na3 Qh5 11. Nc4 Ng4 12. Bf4 cxd4 13. cxd4 Nf6 14. a3 Nd5 15. Bg3 Bf6 16. Ne3 Nxe3 17. fxe3 Qb5 18. Qd2 e5 19. Bd3 Qb3 20. Bc2 Qb5 21. Bd3 Qb3 1/2-1/2

[Event "NED-ch U15 Girls"]
[Site "Venlo"]
[Date "2008.04.30"]
[Round "4"]
[White "Warmelink, Evie"]
[Black "Thoma, Sophia"]
[Result "0-1"]
[WhiteElo "1759"]
[BlackElo "1722"]
[PlyCount "74"]
[EventDate "2008.04.28"]
[EventType "swiss"]
[EventRounds "9"]
[EventCountry "NED"]
[SourceTitle "CBM 123 Extra"]
[Source "ChessBase"]
[SourceDate "2008.05.06"]
[SourceVersion "1"]
[SourceVersionDate "2008.05.06"]
[SourceQuality "1"]

1. e4 e6 2. d4 d5 3. Nd2 dxe4 4. Nxe4 Nd7 5. Nf3 Ngf6 6. Bg5 Be7 7. Bxf6 Nxf6 8. Bd3 0-0 9. Nxf6+ Bxf6 10. Qd2 b6 11. Be4 Rb8 12. 0-0-0 Bb7 13. Bxb7 Rxb7 14. Qf4 Qd5 15. Kb1 c5 16. g4 Be7 17. Rhe1 c4 18. h4 c3 19. h5 Qb5 20. b3 a5 21. Re3 Qb4 22. Rdd3 Rc8 23. Re4 a4 24. d5 Qa3 25. Qc1 Qxc1+ 26. Kxc1 axb3 27. axb3 exd5 28. Rxd5 Ra8 29. Kd1 Bf8 30. Rc4 Bc5 31. Rxc3 h6 32. Rcd3 Rbb8 33. Nd4 Re8 34. f4 Ra1+ 35. Kd2 Ba3 36. Ne2 Bb4+ 37. Nc3 Ree1 0-1

[Event "NED-ch U15 Girls"]
[Site "Venlo"]
[Date "2008.04.28"]
[Round "1"]
[White "Thoma, Sophia"]
[Black "Osinga, Angelique"]
[Result "1-0"]
[WhiteElo "1722"]
[BlackElo "1385"]
[PlyCount "65"]
[EventDate "2008.04.28"]
[EventType "swiss"]
[EventRounds "9"]
[EventCountry "NED"]
[SourceTitle "CBM 123 Extra"]
[Source "ChessBase"]
[SourceDate "2008.05.06"]
[SourceVersion "1"]
[SourceVersionDate "2008.05.06"]
[SourceQuality "1"]

1. e4 e5 2. Nf3 Nc6 3. Bb5 d6 4. d4 exd4 5. Nxd4 Bd7 6. Nc3 Nf6 7. 0-0 Nxd4 8. Qxd4 Bxb5 9. Nxb5 Be7 10. e5 a6 11. Nxc7+ Qxc7 12. exf6 Bxf6 13. Re1+ Kd7 14. Qg4+ Kd8 15. c3 h5 16. Qd1 Qc6 17. Bf4 d5 18. Qd2 Kd7 19. Rad1 Rhe8 20. Qxd5+ Qxd5 21. Rxd5+ Kc6 22. Rd6+ Kc5 23. Red1 Rad8 24. Be3+ Kc4 25. R1d5 Rxd6 26. Rxd6 Bg5 27. Rd4+ Kb5 28. Rd5+ Kc4 29. Rxg5 Rd8 30. Kf1 g6 31. Ke2 Rc8 32. Bd4 Rc7 33. b3# 1-0

[Event "Twente Young Master op-D"]
[Site "Twente"]
[Date "2007.08.10"]
[Round "10"]
[White "Vos, Tjark"]
[Black "Thoma, Sophia"]
[Result "1-0"]
[WhiteElo "1518"]
[BlackElo "1545"]
[PlyCount "71"]
[EventDate "2007.08.06"]
[EventType "swiss"]
[EventRounds "13"]
[EventCountry "NED"]
[SourceTitle "EXT 2008"]
[Source "ChessBase"]
[SourceDate "2007.11.25"]
[SourceVersion "1"]
[SourceVersionDate "2007.11.25"]
[SourceQuality "1"]

1. e4 e6 2. d4 d5 3. Nc3 Bb4 4. e5 c5 5. a3 Bxc3+ 6. bxc3 Ne7 7. Qg4 Ng6 8. Bd2 Nc6 9. Nf3 c4 10. Be2 b5 11. 0-0 Bb7 12. Ng5 Qe7 13. f4 h6 14. Nf3 a6 15. Rfb1 0-0 16. h4 Qe8 17. h5 Nge7 18. Nh4 f5 19. Qh3 Qf7 20. Kh1 Kh8 21. g4 fxg4 22. Bxg4 Bc8 23. Rf1 Bd7 24. Rf3 a5 25. Raf1 b4 26. axb4 axb4 27. f5 exf5 28. Bxf5 Bxf5 29. Nxf5 Nxf5 30. Rxf5 Qe7 31. e6 Rxf5 32. Rxf5 bxc3 33. Bxc3 Re8 34. Qg4 Qxe6 35. Rf8+ Kh7 36. Qg6+ 1-0

[Event "NED-ch U13 Girls"]
[Site "Rijswijk"]
[Date "2007.05.18"]
[Round "4"]
[White "Van der Gouw, Sharitha"]
[Black "Thoma, Sophia"]
[Result "0-1"]
[WhiteElo "1446"]
[BlackElo "1618"]
[PlyCount "100"]
[EventDate "2007.05.17"]
[EventType "swiss"]
[EventRounds "9"]
[EventCountry "NED"]
[SourceTitle "EXT 2009"]
[Source "ChessBase"]
[SourceDate "2008.11.26"]
[SourceVersion "1"]
[SourceVersionDate "2008.11.26"]
[SourceQuality "1"]

1. e4 e6 2. d4 d5 3. Nc3 Bb4 4. e5 c5 5. Be3 cxd4 6. Bxd4 Nc6 7. Nf3 Nge7 8. Be2 Nf5 9. a3 Nfxd4 10. Nxd4 Bxc3+ 11. bxc3 Nxe5 12. f4 Nc6 13. 0-0 0-0 14. Bd3 Qf6 15. Nxc6 bxc6 16. Rf3 e5 17. fxe5 Qxe5 18. Qf1 Be6 19. Re1 Qd6 20. a4 Rae8 21. Qf2 Qe7 22. Rfe3 Qf6 23. Qxf6 gxf6 24. Rf1 Bd7 25. Rg3+ Kh8 26. Rxf6 Re6 27. Rf4 Rh6 28. Rgf3 f6 29. g4 Rh4 30. h3 c5 31. Kg2 Rg8 32. Kg3 Rh5 33. Rxf6 Rhg5 34. R3f4 c4 35. Be2 Bxa4 36. Bd1 Re5 37. Kf2 Rge8 38. Rf8+ Rxf8 39. Rxf8+ Kg7 40. Rb8 a6 41. Rb7+ Kg8 42. Rb8+ Re8 43. Rb6 Bb5 44. Bf3 Re5 45. Rb7 Rg5 46. Kg3 Rg7 47. Rb8+ Kf7 48. Bxd5+ Kf6 49. Be4 Re7 50. Kf4 Rf7 0-1

[Event "NED-ch U13 Girls"]
[Site "Rijswijk"]
[Date "2007.05.17"]
[Round "2"]
[White "De Vries, Emma"]
[Black "Thoma, Sophia"]
[Result "0-1"]
[WhiteElo "1249"]
[BlackElo "1618"]
[PlyCount "38"]
[EventDate "2007.05.17"]
[EventType "swiss"]
[EventRounds "9"]
[EventCountry "NED"]
[SourceTitle "EXT 2009"]
[Source "ChessBase"]
[SourceDate "2008.11.26"]
[SourceVersion "1"]
[SourceVersionDate "2008.11.26"]
[SourceQuality "1"]

1. e4 e6 2. d4 d5 3. e5 c5 4. Nf3 cxd4 5. Nxd4 Nc6 6. f4 Bc5 7. Be3 Qb6 8. Bb5 Nge7 9. c3 Bxd4 10. Bxc6+ Nxc6 11. cxd4 Qxb2 12. Nd2 Nxd4 13. Qa4+ Nc6 14. 0-0 Qb4 15. Qd1 Ne7 16. Qg4 Nf5 17. Qf3 d4 18. Qe4 Nxe3 19. Rf3 Qxd2 0-1